Evaluation of stresses on prosthetic screw in a short (Record no. 27103)

MARC details
000 -LEADER
fixed length control field 00402nam a22001457a 4500
003 - CONTROL NUMBER IDENTIFIER
control field SGT
082 ## - DEWEY DECIMAL CLASSIFICATION NUMBER
Classification number 617.69
Item number E24G
100 ## - MAIN ENTRY--PERSONAL NAME
Personal name Garg, Tanishka
245 ## - TITLE STATEMENT
Title Evaluation of stresses on prosthetic screw in a short
260 ## - PUBLICATION, DISTRIBUTION, ETC. (IMPRINT)
Place of publication, distribution, etc Haryana, India
Name of publisher, distributor, etc Dept. of Prosthodontics, SGT University
Year of Publication 2024
300 ## - PAGE DESCRIPTION
No. of Pages 69
650 ## - SUBJECT ADDED ENTRY--TOPICAL TERM
Topical term or geographic name as entry element MDS Prosthodontics
653 ## - KEYWORDS--INDEX TERM
Keyword term Faculty of Dental Sciences
942 ## - ADDED ENTRY ELEMENTS (KOHA)
Source of classification or shelving scheme Dewey Decimal Classification
Koha item type Thesis/Dissertation
Holdings
Withdrawn status Lost status Source of classification or shelving scheme Damaged status Not for loan Home library Current library Shelving location Date acquired SGTU Full call number Accession No. (Barcode) Date last seen Bill Date Koha item type
    Dewey Decimal Classification   Not For Loan SGT Dental Library SGT Dental Library Reference Book 04/10/2024 SGTU 617.69 E24G DT2087 04/10/2024 04/10/2024 Thesis/Dissertation
    Dewey Decimal Classification   Not For Loan SGT Dental Library SGT Dental Library Reference Book 04/10/2024 SGTU 617.69 E24G DT2105 04/10/2024 04/10/2024 Thesis/Dissertation